Open Data Biblioteca Nacional de Portugal


República Portuguesa: Ministério da Cultura
Biblioteca Nacional de Portugal

Catálogo da BNP: acesso por Identificadores Unívocos
Registos Bibliográficos associados ao registo de autoridade

Etiqueta de registo: 00230nam 2200025 450
001 1340516
003 http://id.bnportugal.gov.pt/bib/catbnp/1340516
010 ## $a972-43-0861-8
021 ## $aPT$b215845/04
100 ## $a20051115d2004 m y0pory0103 ba
101 0# $apor
102 ## $aPT
105 ## $aa z 001yy
106 ## $ar
200 1# $aEnvelhecer em família$ecuidados familiares na velhice$fLiliana Sousa, Daniela Figueiredo, Margarida Cerqueira
205 ## $a1ª ed
210 #9 $aPorto$cAmbar,$d2004
215 ## $a171 p.$cil.$d21 cm
225 2# $aIdade do saber
320 ## $aBibliografia, 161-171
606 ## $aIdosos$xRelações familiares$x[Ensaios]$2SIPOR$31238470
606 ## $aIdosos$xCondições sociais$x[Ensaios]$2SIPOR$31238471
606 ## $aEnvelhecimento$x[Ensaios]$2SIPOR$3930780
675 ## $a316.346-053.9(042)$vBN$zpor$31223315
675 ## $a612.67(042)$vBN$zpor$3930782
675 ## $a316.47-053.9(042)$vBN$zpor$31232668
675 ## $a316.356(042)$vBN$zpor$31232667
700 #1 $91$aSousa,$bLiliana$31224040
701 #1 $aFigueiredo,$bDaniela$4070$31224036
702 #1 $aCerqueira,$bMargarida$4070$31224038
900 ## $aBIBNAC$d20130602
966 ## $lBN$mFGMON$sS.C. 104156 V.$x1
966 ## $lBN$mFGMON$sS.C. 104156 V.-D $x1

Etiqueta de registo: 00254nam 2200025 450
001 2172219
003 http://id.bnportugal.gov.pt/bib/catbnp/2172219
100 ## $a20240709d2023 k y0pory01030103ba
101 0# $apor$deng
102 ## $aPT
105 ## $aa m 000yy
106 ## $ar
200 1# $aPara além do gesto$e a comunicação interpessoal entre o maestro e a orquestra$fDaniel Guimarães Nery$gorient. António José Vassalo Neves Lourenço, Margarida Cerqueira, Clarissa Foletto
210 #9 $aAveiro$c[s.n.],$d2023
215 ## $a[12], VIII, 273 p.$cil.$d30 cm
328 #1 $aTese dout. Música, Universidade de Aveiro, 2023
675 ## $a785.07(043)$vBN$zpor$31931291
700 #1 $aNery,$bDaniel Guimarães$31921129
702 #1 $aLourenço,$bAntónio José Vassalo,$f1962-$4727$31603008
702 #1 $aCerqueira,$bMargarida$4727$31224038
702 #1 $aFoletto,$bClarissa Gomes$4727$31687352
801 #0 $aPT$bBN$gRPC
966 ## $lBN$mMUSICA$sM. 6226 V.$x1
971 ## $casantos$d20240709
972 ## $d20241024$e0$vlrevez$z0
973 ## $canasil$d20241011

Etiqueta de registo: 00254nam 2200025 450
001 2278930
003 http://id.bnportugal.gov.pt/bib/catbnp/2278930
100 ## $a20260310d2026 k y0pory01030103ba
101 0# $aeng$dpor
102 ## $aPT
105 ## $aa m 000yy
106 ## $ar
200 1# $aEducador de pares$e um estudo de caso múltiplo em Portugal e nos Estados Unidos$dOlder adult peer-educator$e a multiple case study in Portugal and in the United States$fGiuliana Casanova$gorient. Margarida de Melo Cerqueira, Joyce Weil$zeng
210 #9 $aAveiro$c[s.n.],$d2026
215 ## $a[14], XI, 191 p.$cil.$d30 cm
328 #1 $aTese dout. Gerontologia e Geriatria, Universidade de Aveiro, 2026
510 1# $aOlder adult peer-educator$e a multiple case study in Portugal and in the United States$zeng
700 #1 $aCasanova,$bGiuliana$31990572
702 #1 $aCerqueira,$bMargarida$4727$31224038
702 #1 $aWeil,$bJoyce$4727$31990577
801 #0 $aPT$bBN$gRPC
971 ## $cssilva$d20260310

Etiqueta de registo: 00000nam 2200025 450
001 2282688
003 http://id.bnportugal.gov.pt/bib/catbnp/2282688
100 ## $a20260323d2025 k y0pory01030103ba
101 0# $aeng$dpor
102 ## $aPT
105 ## $aa m 000yy
106 ## $ar
200 1# $aFim de vida e morte em ERPI$eperspetivas, atitudes e diretrizes para cuidados (mais) humanizados$dEnd-of-life and death in RCF$eperspectives, attitudes and guidelines for (more) humanized care$fCristiana Elisete Pinto do Nascimento$gorient. Margarida de Melo Cerqueira, Paula Ângela Coelho Henriques dos Santos$zeng
210 #9 $aAveiro$c[s.n.],$d2025
215 ## $a1 v.$cil.$d30 cm
300 ## $aAcesso não autorizado por um periodo de 2 anos
328 #1 $aTese dout. Gerontologia e Geriatria, Universidade de Aveiro, Universidade do Porto, 2025
510 1# $aEnd-of-life and death in RCF$eperspectives, attitudes and guidelines for (more) humanized care$zeng
700 #1 $aNascimento,$bCristiana Elisete Pinto do$31993085
702 #1 $aCerqueira,$bMargarida$4727$31224038
702 #1 $aSantos,$bPaula Ângela Coelho Henriques dos$4727$31504751
801 #0 $aPT$bBN$gRPC
966 ## $lBN$mFGMON
971 ## $corlando$d20260323

OpendataBNP@bnportugal.pt | Mais informação sobre acesso aos dados BNP